00681nab a2200193 uc450000100070000000500170000700800410002403500110006503500210007604000130009704100080011010000260011824500930014465000270023765000240026470000290028870000290031777301410034660694320240201161954.0000711 eng  a606943 a(OCoLC)819837219 ccomduadb aeng10aSavino, G.V4auteaut10aImprovement of the signal-to-noise ratio with stochastic resonance in a bistable circuit aResonancia estocastica aRuido electrónico10aOrmachea, A.M.4auteaut10aDonzelli, M.A.4auteaut0 tInvestigación Aplicada Latino Americana (Bahía Blanca, Argentina)gVol. 30, No. 02, Abr. 2000, p. 153-156w495513x0327-07930123981